| 000 | 01619nam a2200349 4500 | ||
|---|---|---|---|
| 001 | 191561 | ||
| 003 | SpMaBN | ||
| 005 | 20240205143608.0 | ||
| 008 | 220928s2004 sp | ||| ||spa | ||
| 016 | 7 |
_abimoBNE20050064819 [ _2SpMaBN] |
|
| 017 |
_aS 1416-2004 _bOficina Depósito Legal Salamanca |
||
| 020 | _a84-88716-33-8 | ||
| 035 | _a(OCoLC)733680817 | ||
| 040 |
_aSpMaBN _bspa _cSpMaBN _erdc |
||
| 080 | _a025.31:050 | ||
| 245 | 1 | 0 |
_aISBD(CR) : _bDescripción bibliográfica internacional normalizada para publicaciones seriadas y otros recursos continuados : revisión de ISBD(S), Descripción bibliográfica internacional normalizada para publicaciones seriadas / _crecomendada por el Grupo de Trabajo de ISBD(S) ; aprobada por los comités permanentes de la Sección de Catalogación de la IFLA y por la Sección de Publicaciones Seriadas de la IFLA ; traducción de Elena García-Puente Lillo, Consuelo López Provencio. |
| 246 | 2 | _aISBD(S) | |
| 250 | _aRev. de 2002. | ||
| 260 |
_a[Madrid] : _bANABAD, _c[2004] |
||
| 300 |
_a212 p. ; _c21 cm. |
||
| 500 | _aÍndice. | ||
| 594 | _aPrecede al tít.: IFLA, International Federation of Library Associations and Institutions | ||
| 594 | _aTraducción de: ISBD(CR) | ||
| 650 | 7 |
_aISBD(CR) _9226246 |
|
| 650 | 7 |
_aPublicaciones seriadas- _xCatalogación- _vNormas. _9175284 |
|
| 710 | 2 |
_aFederación Internacional de Asociaciones de Bibliotecarios y Bibliotecas. _9151131 |
|
| 730 | 0 |
_aISBD(S) _9226042 |
|
| 852 |
_aES-MaACL _jA-15097 _9198816 _cDEPO1 _dOlim: 025.31 ISBD (CR) |
||
| 942 | _2udc | ||
| 999 |
_c191561 _d191561 |
||